Vplyv výnosov a nákladov na výsledok hospodárenia účtovnej jednotky bakalárska práca

Enregistré dans:
Détails bibliographiques
Auteur principal: Rajkovics, Patrik
Collectivité auteur: Fakulta hospodárskej informatiky EU. Katedra účtovníctva a audítorstva
Autres auteurs: Lovciová, Kornélia, 1983-
Format: Livre
Langue:slovaque
Publié: Bratislava 2018
Tags: Ajouter un tag
Pas de tags, Soyez le premier à ajouter un tag!

MARC

LEADER 00000nbm a2200000 4500
001 0245383
005 20181106084230.2
041 0 |a slo 
044 |a SK 
245 1 0 |a Vplyv výnosov a nákladov na výsledok hospodárenia účtovnej jednotky  |b bakalárska práca  |c Patrik Rajkovics ; školiteľ: Kornélia Lovciová 
264 1 |a Bratislava  |c 2018 
300 |a 41 s. 
100 1 |a Rajkovics, Patrik 
700 1 |a Lovciová, Kornélia, 1983- 
710 2 |a Fakulta hospodárskej informatiky EU. Katedra účtovníctva a audítorstva